| 000 | 00879nas a2200241 4500 | ||
|---|---|---|---|
| 001 | BR8400698 | ||
| 003 | BR-BrBNA | ||
| 005 | 20231205085759.0 | ||
| 007 | ta | ||
| 008 | 230509b bl.|||p| |||| 00| 00por d | ||
| 040 |
_aBR-BrBNA _bpor _cBiblioteca Nacional de Agricultura |
||
| 041 | _a(Pt) | ||
| 072 | _aF60 | ||
| 100 | 1 | _aAragao Junior, T.C. | |
| 100 | 1 | _aCastro, P.T. de | |
| 245 | 1 |
_aUtilizacao do balanco hidrico na determinacao do coeficiente de cultura (Kc), da cenoura (Daucus carota, L) _bParte de tese |
|
| 246 | 1 |
_a[Utilization of water balance for determining the crop coefficient (Kc), in carrot (Daucus carota, L)] _b[Part of thesis] |
|
| 650 | _aCENOURA | ||
| 650 | _aBALANCO HIDRICO | ||
| 773 | 0 |
_tCiencia Agronomica (Brazil) _xISSN 0045-6688 _g(1983), v. 14(1-2) p. 115-121 _wBR8400698 |
|
| 909 |
_a202311 _bLúcia _c55 _dLúcia Elande |
||
| 942 |
_2AGRIS _n0 _cANA |
||
| 999 |
_c113761 _d113761 |
||